000 00470nam a2200181Ia 4500
005 20250508151743.0
008 008 250505s9999 xx 000 0 hin d
037 _aTextual
040 _aFEDL
_beng
_cFEDL
041 _ahin
_2eng
084 _a920, LAK
_qFEDL
100 _aLakhan Singh
_9580305
245 0 _aCharitra sudha
260 _aDelhi, India
_bBhagvat Book Depot
300 _a115p.
942 _cTEXL
_h920, LAK
999 _c1331930
_d1331930